Who Am I? - Soccer Quiz - Statistics

General Stats
  • This quiz has been taken 47 times
  • The average score is 1 of 6
Answer Stats
Hint Answer % Correct
Marcelo, Yaya Toure, Samir Nasri Fernandinho
81%
Gareth Bale, Ivan Perisic, Peter Crouch Luka Modric
31%
Frank Lampard, Riyad Mahrez, Thibaut Courtois Kevin de Bruyne
19%
John Terry, Steven Gerrard, Alex Iwobi Victor Moses
6%
Juan Bernat, Raul Meireles, Sofiane Boufal Oriel Romeu
3%
Adam Lallana, Ryan Bertrand, Rickie Lambert Raheem Sterling
3%
No matching quizzes found
Score Distribution
Percent of People with Each Score
Percentile by Number Answered
Your Score History
You have not taken this quiz